00597 2200205 4500001002100000005001700021008004100038035002400079082001000103090001500113245010800128250001100236260003300247300002500280650003600305700001700341850001200358985000600370999001500376YOGYA-0209000005995020090227035735.0 ind  0010-020900000059950 a920.7 a920.7bMen aMENCARI makna hidupkubBunga rampai perjalanan Sujatni KertawijonocDikisahkan kembali oleh Hanna Rambe aCet. 1 aJakartabSinar Harapanc1983 a235 hlmbikusc21 cm aKartowiyono, Suyatni - Biografi aRambe, Hanna aYOPDYOG a1 aP000000270